000 01057nam a2200229Ia 4500
001 9900
005 20260327164939.0
008 260306t2016||||xx |||||||||||||| ||spa||
041 _aESP
082 _a808.066
_bC65
100 _aCisneros Estupiñán, Mireya
_eAUT
245 0 _aRedacción y publicación de artículos científicos:
_benfoque discursivo
260 _c2016
300 _a139 páginas :
_c24 cm.
650 _aGEN
654 _aCHU
856 _uhttps://itmsp.museknowledge.com/UCSP?url=https://www.ebooks7-24.com:443/?il=9040&pg=1
_zVersión digital (2019)
856 _uhttps://0u213ue9m-y-https-ebooks7--24-com.itmsp.museknowledge.com/biblioteca.aspx
_zVéase además: Base de datos Ebook7-24
856 _uhttps://0u20fue9q-y-https-research-ebsco-com.itmsp.museknowledge.com/c/qxo6us/search
_zVéase además: Base de datos EBSCOhost
856 _uhttps://0u20vueau-y-https-ebookcentral-proquest-com.itmsp.museknowledge.com/lib/catolicasp/home.action
_zVéase además: Base de datos ProQuest Ebook Central
942 _cLIB
_dJUS
_fJUS
_2ddc
999 _c9900
_d9900